00954nam a2200205 i 450000100060000000300090000600500170001500700030003200800410003510000410007624500530011726000650017030000400023550501570027559401030043265000470053585200250058299900170060795201240062452602ES-MaACL20230906162617.0t|030901s1908 fr ||||1| fre d1 aChervin, Arthur (d1850-1921)93837910aAnthropologie bolivienne / cpar Arthur Chervin. aParis : bLibrairie H. le Soudier, c1908 (fImp. Nationale) a3 v., 159 lám. : bil. ; c28 cm.8 aContiene: t. 1. Ethonologie, démographie, photographie métrique (XL, 411 p., [16] h. de lám.) -- t. 2. Anthropométrie (435 p.) -- t. 3. (151 p.) aPrecede al título: Mission Scientifique G. de Créqui Montfort et E. Sénéchal de la Grange. 4aAntropología física-zBolivia.9153065 aES-MaACLjF-11514-16 c52602d52602 00104070aATENEOMbATENEOMcSPP2d2008-01-17eSCl0oF-11514-16p1055285r2023-02-23 00:00:00w2023-02-23yMONOGRAFIA